[Event "FRA-chT3"]
[Site "France"]
[Date "2001.??.??"]
[Round "5"]
[White "Alberola, Raphael"]
[Black "Oliva, Nicolas"]
[Result "1-0"]
[WhiteElo "1900"]
[BlackElo "2010"]
[PlyCount "55"]
[EventDate "2001.??.??"]
[EventType "team"]
[EventRounds "9"]
[EventCountry "FRA"]
[SourceTitle "EXT 2003"]
[Source "ChessBase"]
[SourceDate "2002.11.25"]
[SourceVersion "1"]
[SourceVersionDate "2002.11.25"]
[SourceQuality "1"]

1. d4 d5 2. Nf3 Nf6 3. c4 c6 4. Nc3 e6 5. Bf4 Bb4 6. e3 dxc4 7. Bxc4 Nd5 8. Rc1 Nxf4 9. exf4 0-0 10. 0-0 Nd7 11. Ne4 Nf6 12. Qd3 h6 13. a3 Be7 14. Rfd1 Qb6 15. Nxf6+ Bxf6 16. Bb3 Rd8 17. Bc2 g6 18. h4 c5 19. h5 Bxd4 20. Nxd4 Rxd4 21. Qg3 Qxb2 22. Bxg6 fxg6 23. Qxg6+ Kf8 24. Qxh6+ Ke7 25. Qg7+ Ke8 26. Qg8+ Ke7 27. Qg5+ Kf8 28. Qxc5+ 1-0